000 00766nam a22001577a 4500
003 OSt
005 20150919171926.0
008 150919b xxu||||| |||| 00| 0 eng d
040 _cRUA
082 _aAGR SOK 2008 B038 Or.1
100 _9894
_aSOK, TITSOPHEA.
245 _aComparison of rifferent seedling quality phaka rumduol rice variety at royal university of agriculture ការប្រៀបធៀបគុណភាពសំណាបខុសគ្នាលើពូជស្រូវផ្ការំដួលនៅស្ថានីយ៍ពិសោធន៍ដំណាំនៃសាកលវិទ្យាល័យភូមិន្ទកសិកម្ម
260 _aPhnom Penh
_bRUA
_c2008
300 _axiv; 55p.
_bill.
_c29cm.
942 _2ddc
_cAGR
999 _c862
_d862